|
|
|
|
| LEADER |
00000nam a2200000Ii 4500 |
| 001 |
DIGEDUNAV0047 |
| 003 |
NyNyDIG |
| 006 |
m o d |
| 007 |
cr ||||||||||| |
| 008 |
220611s2008 sp o 100 0 spa d |
| 035 |
|
|
|a (OCoLC)1054060880
|
| 040 |
|
|
|a DGITA
|b eng
|e rda
|e pn
|c DGITA
|
| 020 |
|
|
|z 9788431325718
|
| 050 |
1 |
4 |
|a BS511.3 ebook
|
| 082 |
0 |
4 |
|a 220.6
|
| 245 |
0 |
0 |
|a Palabra de Dios, sagrada escritura, Iglesia /
|c edición dirigida por Vicente Balaguer y Juan Luis Caballero.
|
| 264 |
|
1 |
|a Pamplona, España :
|b EUNSA, Ediciones Universidad de Navarra,
|c [2008]
|
| 300 |
|
|
|a 1 online resource.
|
| 336 |
|
|
|a text
|b txt
|2 rdacontent
|
| 337 |
|
|
|a computer
|b c
|2 rdamedia
|
| 338 |
|
|
|a online resource
|b cr
|2 rdacarrier
|
| 347 |
|
|
|a text file
|2 rdaft
|
| 347 |
|
|
|b PDF
|
| 490 |
1 |
|
|a Simposios internacionales de teología ;
|v 29
|
| 588 |
0 |
|
|a Online resource; title from PDF title page (Digitalia, viewed June 11, 2022)
|
| 630 |
0 |
0 |
|a Bible
|v Congresses.
|
| 655 |
|
0 |
|a Electronic books.
|
| 700 |
1 |
|
|a Balaguer, Vicente,
|e editor.
|
| 700 |
1 |
|
|a Caballero, Juan Luis,
|e editor.
|
| 711 |
2 |
|
|a Simposio Internacional de Teología de la Universidad de Navarra
|n (29th :
|d 2008 :
|c Pamplona, Spain)
|
| 791 |
2 |
|
|a Digitalia (Firm),
|e distributor.
|
| 793 |
0 |
|
|g Digitalia eBook Collection:
|a Ediciones Universidad de Navarra
|
| 776 |
0 |
8 |
|i Print version:
|t Palabra de Dios, sagrada escritura, Iglesia.
|b Primera edición.
|d Pamplona, España : EUNSA, Ediciones Universidad de Navarra, [2008]
|z 9788431325718
|
| 830 |
|
0 |
|a Simposios internacionales de teología ;
|v 29.
|
| 856 |
4 |
0 |
|3 Digitalia Hispánica
|u https://www.digitaliapublishing.com/a/51352/
|
| 910 |
|
|
|a Premium collection: 2022
|